[Event "Tenerife-chT Tercera"]
[Site "Tenerife"]
[Date "2023.05.13"]
[Round "14"]
[White "De la Paz Barreto, Aaron"]
[Black "Bernad Millan, Ignacio"]
[Result "0-1"]
[WhiteElo "1306"]
[BlackElo "1916"]
[PlyCount "92"]
[EventDate "2023.01.14"]
[EventType "team-tourn"]
[EventRounds "15"]
[EventCountry "ESP"]
[SourceTitle "EXT 2024"]
[Source "ChessBase"]
[SourceDate "2023.10.10"]
[SourceVersion "1"]
[SourceVersionDate "2023.10.10"]
[SourceQuality "1"]
[WhiteTeam "Los Laureles"]
[BlackTeam "Canarias 64 II"]
[WhiteTeamCountry "ESP"]
[BlackTeamCountry "ESP"]

1. e4 c6 2. Nc3 d5 3. Nf3 Bg4 4. h3 Bxf3 5. Qxf3 d4 6. Nb1 Nd7 7. Bc4 Ne5 8. Qb3 Nxc4 9. Qxc4 e6 10. e5 Ne7 11. b3 Ng6 12. Bb2 Nxe5 13. Qxd4 Qxd4 14. Bxd4 Bd6 15. Nc3 f6 16. Ne4 Kd7 17. Nxd6 Kxd6 18. Bxe5+ Kxe5 19. 0-0-0 Rad8 20. Rhe1+ Kd6 21. d4 Rhe8 22. f4 Rd7 23. Re2 Rde7 24. c4 g6 25. Red2 h6 26. d5 exd5 27. cxd5 c5 28. Rf2 Re2 29. Rd2 Rxf2 30. Rxf2 Kxd5 31. Rd2+ Kc6 32. Kc2 Re4 33. Rf2 b5 34. Kd3 Kd5 35. f5 g5 36. g4 a5 37. Rd2 Rd4+ 38. Ke3 Rxd2 39. Kxd2 Kd4 40. Ke2 c4 41. bxc4 Kxc4 42. a3 Kd4 43. Kd2 Ke4 44. Ke2 Kf4 45. Kd3 Kg3 46. Kd4 b4 0-1

[Event "Tenerife-chT Tercera"]
[Site "Tenerife"]
[Date "2023.02.04"]
[Round "4.3"]
[White "Bernad Millan, Ignacio"]
[Black "Mesa Regalado, Adrian"]
[Result "1-0"]
[WhiteElo "1916"]
[BlackElo "1181"]
[PlyCount "67"]
[EventDate "2023.01.14"]
[EventType "team-tourn"]
[EventRounds "15"]
[EventCountry "ESP"]
[SourceTitle "EXT 2024"]
[Source "ChessBase"]
[SourceDate "2023.10.10"]
[SourceVersion "1"]
[SourceVersionDate "2023.10.10"]
[SourceQuality "1"]
[WhiteTeam "Canarias 64 II"]
[BlackTeam "Caissa Enroque III"]
[WhiteTeamCountry "ESP"]
[BlackTeamCountry "ESP"]

1. d4 Nf6 2. c4 g6 3. Nf3 Bg7 4. g3 0-0 5. Bg2 d6 6. 0-0 Bf5 7. Nc3 Nc6 8. Nh4 Bd7 9. d5 Ne5 10. Qb3 b6 11. f4 Neg4 12. h3 Nh6 13. e4 e6 14. Be3 exd5 15. Nxd5 Re8 16. Qc2 c6 17. Nxf6+ Qxf6 18. Rf2 Nf5 19. Nxf5 Bxf5 20. Rd2 Re7 21. Bd4 Qe6 22. Bxg7 Bxh3 23. Bd4 Bxg2 24. Kxg2 c5 25. Bf2 Qxe4+ 26. Qxe4 Rxe4 27. b3 Rd8 28. Rad1 Re6 29. g4 f5 30. gxf5 gxf5 31. Rd5 Rf6 32. Bh4 Rg6+ 33. Kf3 Rd7 34. Rxf5 1-0

[Event "Tenerife-chT Preferente 1516"]
[Site "Tenerife"]
[Date "2016.04.16"]
[Round "13.4"]
[White "Rodriguez Redondo, Ethan"]
[Black "Bernad Millan, Ignacio"]
[Result "0-1"]
[WhiteElo "1856"]
[BlackElo "1902"]
[PlyCount "143"]
[EventDate "2015.12.12"]
[EventType "team-tourn"]
[EventRounds "14"]
[EventCountry "ESP"]
[SourceTitle "EXT 2017"]
[Source "ChessBase"]
[SourceDate "2016.10.25"]
[SourceVersion "1"]
[SourceVersionDate "2016.10.25"]
[SourceQuality "1"]
[WhiteTeam "Cajacanarias"]
[BlackTeam "Canarias 64"]
[WhiteTeamCountry "ESP"]
[BlackTeamCountry "ESP"]

1. e4 c6 2. d4 d5 3. exd5 cxd5 4. c4 Nf6 5. Nc3 e6 6. a3 Be7 7. Nf3 0-0 8. Bg5 a6 9. cxd5 Nxd5 10. Bxe7 Nxe7 11. Bd3 h6 12. 0-0 Nd7 13. Re1 Nf6 14. Rc1 Bd7 15. Ne5 Rc8 16. Bb1 Bc6 17. Qd3 g6 18. f3 Nf5 19. Rcd1 Nd5 20. Nxc6 Rxc6 21. Nxd5 Qxd5 22. Re5 Qxd4+ 23. Qxd4 Nxd4 24. Be4 Rd6 25. Rd3 b6 26. Bd5 Rxd5 27. Rxd5 exd5 28. Rxd4 Rd8 29. Kf2 f5 30. Ke3 Kf7 31. Rb4 Rd6 32. Kd4 Ke6 33. Rb3 Rc6 34. Re3+ Kd6 35. b3 Rc2 36. Re8 Rd2+ 37. Kc3 Rxg2 38. Rd8+ Kc6 39. Rg8 Kc5 40. Rc8+ Kd6 41. Rd8+ Kc7 42. Rg8 h5 43. h3 Rg3 44. Kb4 Rxf3 45. Rg7+ Kd8 46. Rg8+ Ke7 47. Rxg6 a5+ 48. Ka4 b5+ 49. Kxb5 Rxb3+ 50. Ka4 Rxh3 51. Rg5 Rh4+ 52. Kxa5 Kf6 53. Rg8 Rg4 54. Rf8+ Ke5 55. a4 f4 56. Kb5 Ke4 57. a5 f3 58. a6 Rf4 59. Re8+ Kd4 60. a7 f2 61. a8Q f1Q+ 62. Kb6 Rf6+ 63. Kc7 Qc4+ 64. Kd8 Rc6 65. Qa1+ Kc5 66. Qa7+ Kb5 67. Qb7+ Rb6 68. Qa7 Qc6 69. Re5 Qd6+ 70. Qd7+ Kc4 71. Qxd6 Rxd6+ 72. Ke7 0-1

[Event "Tenerife-chT Preferente 1516"]
[Site "Tenerife"]
[Date "2016.01.16"]
[Round "4.4"]
[White "Bernad Millan, Ignacio"]
[Black "Henriquez Garcia, David"]
[Result "1-0"]
[WhiteElo "1902"]
[BlackElo "2026"]
[PlyCount "97"]
[EventDate "2015.12.12"]
[EventType "team-tourn"]
[EventRounds "14"]
[EventCountry "ESP"]
[SourceTitle "CBM 170 Extra"]
[Source "ChessBase"]
[SourceDate "2016.02.25"]
[SourceVersion "1"]
[SourceVersionDate "2016.02.25"]
[SourceQuality "1"]
[WhiteTeam "Canarias 64"]
[BlackTeam "Laguna Cotelec"]
[WhiteTeamCountry "ESP"]
[BlackTeamCountry "ESP"]

1. d4 Nf6 2. c4 c5 3. d5 d6 4. Nc3 g6 5. e4 Bg7 6. Be2 0-0 7. Nf3 e6 8. 0-0 exd5 9. exd5 Bg4 10. Ng5 Bxe2 11. Qxe2 Re8 12. Qc2 h6 13. Nge4 Nxe4 14. Nxe4 Qe7 15. f3 f5 16. Nc3 Nd7 17. Bf4 g5 18. Bg3 f4 19. Bf2 Bxc3 20. Qxc3 Qf6 21. Qxf6 Nxf6 22. Rfe1 Kf7 23. Kf1 Nd7 24. Rxe8 Rxe8 25. Re1 Ne5 26. b3 a6 27. Re4 Nd3 28. Rxe8 Kxe8 29. a3 b6 30. Be1 Ne5 31. Bc3 Nf7 32. Ke2 Ke7 33. Kd3 Nd8 34. Ke4 Kf7 35. Kf5 Nb7 36. h4 gxh4 37. Kxf4 Kg6 38. Kg4 h5+ 39. Kxh4 Nd8 40. Bd2 Nf7 41. Bf4 Kf5 42. g3 Kg6 43. g4 hxg4 44. fxg4 b5 45. a4 bxc4 46. bxc4 Kf6 47. Kh5 Ke7 48. g5 Nd8 49. g6 1-0

[Event "Santa Cruz de Tenerife Verano op"]
[Site "Santa Cruz de Tenerife"]
[Date "2014.09.10"]
[Round "9"]
[White "Bernad Millan, Ignacio"]
[Black "Garcia Cruz, Francisco"]
[Result "1-0"]
[WhiteElo "1876"]
[BlackElo "1515"]
[PlyCount "45"]
[EventDate "2014.08.25"]
[EventType "swiss"]
[EventRounds "9"]
[EventCountry "ESP"]
[SourceTitle "CBM 162 Extra"]
[Source "ChessBase"]
[SourceDate "2014.10.17"]
[SourceVersion "1"]
[SourceVersionDate "2014.10.17"]
[SourceQuality "1"]

1. d4 d5 2. c4 e6 3. Nf3 c6 4. Qc2 f5 5. g3 Nf6 6. Bg2 Be7 7. 0-0 0-0 8. b3 Nbd7 9. Ba3 Ne4 10. e3 Kh8 11. Bxe7 Qxe7 12. Ne5 Nxe5 13. dxe5 Qc5 14. Nc3 Nxc3 15. Qxc3 dxc4 16. bxc4 b5 17. Qa5 Rb8 18. Qc7 Bb7 19. cxb5 Qxb5 20. Rab1 Qa6 21. Rfd1 Rfc8 22. Qd7 Ba8 23. Rxb8 1-0

[Event "Santa Cruz de Tenerife Verano op"]
[Site "Santa Cruz de Tenerife"]
[Date "2014.09.05"]
[Round "6"]
[White "Bernad Millan, Ignacio"]
[Black "Pinto Henriquez, Rodrigo"]
[Result "0-1"]
[WhiteElo "1876"]
[BlackElo "2130"]
[PlyCount "80"]
[EventDate "2014.08.25"]
[EventType "swiss"]
[EventRounds "9"]
[EventCountry "ESP"]
[SourceTitle "CBM 162 Extra"]
[Source "ChessBase"]
[SourceDate "2014.10.17"]
[SourceVersion "1"]
[SourceVersionDate "2014.10.17"]
[SourceQuality "1"]

1. d4 Nf6 2. c4 c5 3. d5 b5 4. cxb5 a6 5. b6 Qxb6 6. Nc3 d6 7. e4 g6 8. a4 a5 9. Nf3 Bg4 10. Bb5+ Nfd7 11. Qd3 Bxf3 12. Qxf3 Bg7 13. h4 h5 14. Bg5 Kf8 15. Qe2 Ne5 16. f4 Ng4 17. f5 Be5 18. fxg6 f6 19. Be3 Kg7 20. 0-0-0 Na6 21. Rh3 Rab8 22. Bxa6 Bxc3 23. Bb5 Be5 24. Bg1 Qc7 25. Qf1 Kxg6 26. Qf5+ Kg7 27. Qf1 Qc8 28. Rb3 Nh6 29. Be3 Qg4 30. Qf3 Qxh4 31. Bxh6+ Rxh6 32. g3 Qg4 33. Qg2 h4 34. Be2 Qg5+ 35. Kc2 Rxb3 36. Kxb3 Qxg3+ 37. Qxg3+ hxg3 38. Rg1 Rh2 39. Kc4 g2 40. Bg4 Bd4 0-1

[Event "Tenerife-chT Preferente 1314"]
[Site "Tenerife"]
[Date "2013.12.21"]
[Round "2.4"]
[White "Paz Mendez, German Christopher"]
[Black "Bernad Millan, Ignacio"]
[Result "0-1"]
[WhiteElo "1723"]
[BlackElo "1878"]
[PlyCount "78"]
[EventDate "2013.12.14"]
[EventType "team-tourn"]
[EventRounds "14"]
[EventCountry "ESP"]
[SourceTitle "EXT 2015"]
[Source "ChessBase"]
[SourceDate "2014.11.20"]
[SourceVersion "1"]
[SourceVersionDate "2014.11.20"]
[SourceQuality "1"]
[WhiteTeam "Universidad"]
[BlackTeam "Canarias 64"]
[WhiteTeamCountry "ESP"]
[BlackTeamCountry "ESP"]

1. d4 d5 2. c4 e6 3. Nc3 Nf6 4. cxd5 exd5 5. g3 c6 6. Bg2 Be7 7. Nh3 Bf5 8. f3 0-0 9. 0-0 Na6 10. Bf4 Nc7 11. g4 Bg6 12. Qb3 b6 13. Rad1 Bd6 14. e3 Re8 15. Rfe1 h6 16. Bxd6 Qxd6 17. Nf4 Bh7 18. Rc1 Re7 19. Nce2 Rae8 20. Ng3 Ne6 21. Nd3 Nxd4 22. exd4 Re3 23. Qb4 Qxb4 24. Nxb4 Rxe1+ 25. Rxe1 Rxe1+ 26. Kf2 Rc1 27. Ne2 Rb1 28. b3 c5 29. Nc6 Rb2 30. Ke3 Rxa2 31. h4 Ra3 32. g5 hxg5 33. hxg5 Rxb3+ 34. Kf2 Nd7 35. Bh3 f5 36. Ne7+ Kf7 37. g6+ Bxg6 38. Nxg6 Kxg6 39. Nf4+ Kg5 0-1

[Event "Tenerife-chT"]
[Site "Tenerife"]
[Date "2013.04.06"]
[Round "10.4"]
[White "Bernad Millan, Ignacio"]
[Black "Ramos Aguilar, Jose Manuel"]
[Result "0-1"]
[WhiteElo "1860"]
[BlackElo "2176"]
[PlyCount "52"]
[EventDate "2013.01.19"]
[EventType "team-tourn"]
[EventRounds "14"]
[EventCountry "ESP"]
[SourceTitle "EXT 2014"]
[Source "ChessBase"]
[SourceDate "2013.11.20"]
[SourceVersion "1"]
[SourceVersionDate "2013.11.20"]
[SourceQuality "1"]
[WhiteTeam "Canarias 64"]
[BlackTeam "Casa de Venezuela Ebano"]
[WhiteTeamCountry "ESP"]
[BlackTeamCountry "ESP"]

1. e4 c5 2. Nf3 e6 3. d3 d5 4. Nbd2 Nc6 5. g3 Nf6 6. Bg2 Be7 7. 0-0 b6 8. Re1 Bb7 9. c3 dxe4 10. dxe4 0-0 11. e5 Nd5 12. Nf1 Qc7 13. h4 Rad8 14. Qc2 b5 15. N1h2 b4 16. h5 bxc3 17. bxc3 Qa5 18. Bd2 Nb6 19. Bg5 Ba6 20. Rad1 Qa4 21. Qb1 h6 22. Bxe7 Nxe7 23. g4 Nbd5 24. Qc1 Nf4 25. Bf1 Bxf1 26. Rxf1 Ne2+ 0-1

[Event "Tenerife-chT"]
[Site "Tenerife"]
[Date "2013.03.23"]
[Round "9.4"]
[White "Henriquez Garcia, David"]
[Black "Bernad Millan, Ignacio"]
[Result "1/2-1/2"]
[WhiteElo "2014"]
[BlackElo "1860"]
[PlyCount "85"]
[EventDate "2013.01.19"]
[EventType "team-tourn"]
[EventRounds "14"]
[EventCountry "ESP"]
[SourceTitle "EXT 2014"]
[Source "ChessBase"]
[SourceDate "2013.11.20"]
[SourceVersion "1"]
[SourceVersionDate "2013.11.20"]
[SourceQuality "1"]
[WhiteTeam "Laguna Cotelec"]
[BlackTeam "Canarias 64"]
[WhiteTeamCountry "ESP"]
[BlackTeamCountry "ESP"]

1. e4 c6 2. Nf3 d5 3. Nc3 Bg4 4. Be2 e6 5. 0-0 Nf6 6. d3 Be7 7. Ne5 Bxe2 8. Qxe2 0-0 9. a4 Nbd7 10. Nxd7 Qxd7 11. e5 Ne8 12. a5 c5 13. a6 b6 14. f4 g6 15. g4 f5 16. exf6 Bxf6 17. g5 Bg7 18. Nd1 Nd6 19. Nf2 Rae8 20. Ng4 e5 21. Nxe5 Bxe5 22. fxe5 Rxf1+ 23. Qxf1 Rxe5 24. Bf4 Qg4+ 25. Bg3 Rxg5 26. Qf6 Qd4+ 27. Qxd4 cxd4 28. Kf2 Rf5+ 29. Ke2 Rf6 30. Ra4 Nf5 31. Bb8 Rf7 32. Rb4 Kf8 33. c4 dxc3 34. bxc3 Ke8 35. Rb5 Rd7 36. Kf3 Ne7 37. Kf4 Nc6 38. Bxa7 Rxa7 39. Rxb6 Kd7 40. c4 dxc4 41. dxc4 Kc7 42. c5 Nb8 43. Rf6 1/2-1/2

[Event "Tenerife-chT"]
[Site "Tenerife"]
[Date "2013.02.16"]
[Round "4.4"]
[White "Bernad Millan, Ignacio"]
[Black "Calzadilla Saiz, Luis Alberto"]
[Result "0-1"]
[WhiteElo "1860"]
[BlackElo "1982"]
[PlyCount "120"]
[EventDate "2013.01.19"]
[EventType "team-tourn"]
[EventRounds "14"]
[EventCountry "ESP"]
[SourceTitle "EXT 2014"]
[Source "ChessBase"]
[SourceDate "2013.11.20"]
[SourceVersion "1"]
[SourceVersionDate "2013.11.20"]
[SourceQuality "1"]
[WhiteTeam "Canarias 64"]
[BlackTeam "Rey Ahogado"]
[WhiteTeamCountry "ESP"]
[BlackTeamCountry "ESP"]

1. d4 Nf6 2. c4 e6 3. Nf3 b6 4. g3 Bb7 5. Bg2 d6 6. Nc3 Nbd7 7. 0-0 Ne4 8. Qc2 Nxc3 9. Qxc3 Be4 10. Rd1 Be7 11. Qe3 Nf6 12. b3 0-0 13. Bb2 Qc8 14. Rac1 Qb7 15. d5 exd5 16. cxd5 Rfe8 17. Qc3 Bf8 18. Qxc7 Qxc7 19. Rxc7 Nxd5 20. Rc4 Rac8 21. Rdc1 Rxc4 22. Rxc4 b5 23. Rc1 Be7 24. Nh4 Bxg2 25. Kxg2 Bxh4 26. gxh4 f6 27. e3 Kf7 28. Rc6 Ke6 29. e4 Nf4+ 30. Kf3 Nd3 31. Bd4 Re7 32. Ra6 Nb4 33. Rxa7 Rxa7 34. Bxa7 Nxa2 35. Ke3 Nc1 36. b4 Na2 37. f4 g6 38. h5 Nxb4 39. hxg6 hxg6 40. h4 f5 41. Bb6 fxe4 42. Kxe4 d5+ 43. Kd4 Na6 44. Ba5 b4 45. Bd8 Nb8 46. Bg5 Nc6+ 47. Kd3 Kf5 48. Ke3 b3 49. Kd3 d4 50. Kd2 Nb4 51. Kc1 Nd3+ 52. Kb1 Nxf4 53. Kb2 Ne6 54. Be7 Ke4 55. Kxb3 Ke3 56. Kc2 Ke2 57. Kc1 d3 58. Bb4 Nd4 59. Kb2 d2 60. Bxd2 Kxd2 0-1

[Event "ESP-ch"]
[Site "El Sauzal"]
[Date "2010.09.09"]
[Round "6"]
[White "Bernad Millan, Ignacio"]
[Black "Garcia Gata, Jorge David"]
[Result "1/2-1/2"]
[WhiteElo "1854"]
[BlackElo "2090"]
[PlyCount "98"]
[EventDate "2010.09.04"]
[EventType "swiss"]
[EventRounds "9"]
[EventCountry "ESP"]
[SourceTitle "CBM 138 Extra"]
[Source "ChessBase"]
[SourceDate "2010.10.29"]
[SourceVersion "1"]
[SourceVersionDate "2010.10.29"]
[SourceQuality "1"]

1. Nf3 Nf6 2. c4 g6 3. g3 Bg7 4. Bg2 0-0 5. 0-0 d6 6. d4 Nbd7 7. Nc3 c6 8. e4 Qc7 9. h3 e5 10. Be3 Rd8 11. Qc2 Nf8 12. Rac1 Nh5 13. Rfd1 exd4 14. Nxd4 Ne6 15. Kh2 Nxd4 16. Bxd4 Bh6 17. Rb1 Be6 18. Ne2 c5 19. Be3 Bxe3 20. fxe3 Rab8 21. Nf4 Ng7 22. Nd5 Bxd5 23. Rxd5 Ne8 24. Qc3 Qe7 25. Rf1 Nc7 26. Rd2 Qe5 27. Qc1 h5 28. h4 Rd7 29. Rf4 Re7 30. Qf1 b5 31. Rdf2 Qg7 32. cxb5 Rxb5 33. b3 Rb4 34. Qd3 Rb6 35. Rf6 Ne8 36. R6f4 Nc7 37. Bf1 Qe5 38. Bg2 Rb4 39. Rd2 Ne8 40. Qf1 Nc7 41. Rf6 d5 42. Rdf2 dxe4 43. Rxf7 Rxf7 44. Rxf7 Rb8 45. Rf4 Nd5 46. Rxe4 Qc3 47. Re6 Nxe3 48. Qb1 Ng4+ 49. Kh3 Nf2+ 1/2-1/2

[Event "ESP-ch"]
[Site "El Sauzal"]
[Date "2010.09.08"]
[Round "5"]
[White "Villavicencio Martinez, Carlos Luis"]
[Black "Bernad Millan, Ignacio"]
[Result "1/2-1/2"]
[WhiteElo "2123"]
[BlackElo "1854"]
[PlyCount "85"]
[EventDate "2010.09.04"]
[EventType "swiss"]
[EventRounds "9"]
[EventCountry "ESP"]
[SourceTitle "CBM 138 Extra"]
[Source "ChessBase"]
[SourceDate "2010.10.29"]
[SourceVersion "1"]
[SourceVersionDate "2010.10.29"]
[SourceQuality "1"]

1. Nf3 d5 2. g3 Nf6 3. Bg2 c6 4. 0-0 Bf5 5. c4 e6 6. d4 Nbd7 7. Nc3 h6 8. Nd2 Bd6 9. e4 dxe4 10. Ndxe4 Nxe4 11. Nxe4 Bxe4 12. Bxe4 Nf6 13. Bg2 0-0 14. Bd2 a5 15. Qc2 Qc7 16. Rfe1 Rfd8 17. Bc3 Bb4 18. a3 Bxc3 19. Qxc3 Qb6 20. Rad1 Rd7 21. Re2 Rad8 22. Red2 a4 23. Rd3 Qa7 24. h3 Qb6 25. R1d2 Qa7 26. Bf3 Qb6 27. Kg2 Qa7 28. Rd1 Qb6 29. h4 h5 30. R1d2 Qa7 31. Kh3 Qb6 32. Bg2 Qa7 33. f3 c5 34. dxc5 Rxd3 35. Rxd3 Rxd3 36. Qxd3 Qxc5 37. Qe2 b6 38. Qd3 e5 39. Qf5 Qd4 40. Qc8+ Kh7 41. Qf5+ Kg8 42. Qc8+ Kh7 43. Qf5+ 1/2-1/2

[Event "ESP-ch"]
[Site "El Sauzal"]
[Date "2010.09.06"]
[Round "3"]
[White "Herrera Reyes, Jose Antonio"]
[Black "Bernad Millan, Ignacio"]
[Result "1/2-1/2"]
[WhiteElo "2145"]
[BlackElo "1854"]
[PlyCount "87"]
[EventDate "2010.09.04"]
[EventType "swiss"]
[EventRounds "9"]
[EventCountry "ESP"]
[SourceTitle "CBM 138 Extra"]
[Source "ChessBase"]
[SourceDate "2010.10.29"]
[SourceVersion "1"]
[SourceVersionDate "2010.10.29"]
[SourceQuality "1"]

1. e4 c6 2. Nf3 d5 3. exd5 cxd5 4. c4 Nf6 5. cxd5 Nxd5 6. Nc3 Nxc3 7. bxc3 g6 8. d4 Bg7 9. Bd3 0-0 10. 0-0 Qc7 11. Ba3 Rd8 12. Rc1 Nc6 13. Re1 Bg4 14. h3 Bxf3 15. Qxf3 e6 16. Rc2 Rac8 17. Bc1 b5 18. Bg5 Rd7 19. Bxb5 Rd5 20. Bxc6 Qxc6 21. Be3 Bxd4 22. cxd4 Qxc2 23. Rc1 Qxc1+ 24. Bxc1 Rxc1+ 25. Kh2 Rc4 26. Qb3 Rdxd4 27. Qb8+ Kg7 28. Qxa7 Ra4 29. Qc5 h5 30. Qc3 Kg8 31. a3 Rd8 32. f3 Rda8 33. Qf6 Rxa3 34. Kg3 Ra2 35. Qd4 R8a4 36. Qd8+ Kg7 37. h4 Re2 38. Qc7 Raa2 39. Qc3+ e5 40. Kh3 Rac2 41. Qa1 Rb2 42. Qa5 Ra2 43. Qc3 Rac2 44. Qa1 1/2-1/2

[Event "La Laguna op 4th"]
[Site "La Laguna"]
[Date "2010.04.06"]
[Round "2"]
[White "Bernad Millan, Ignacio"]
[Black "Febles Dominguez, Alfonso Jesus"]
[Result "1-0"]
[WhiteElo "1891"]
[BlackElo "1526"]
[PlyCount "57"]
[EventDate "2010.04.05"]
[EventType "swiss"]
[EventRounds "9"]
[EventCountry "ESP"]
[SourceTitle "CBM 135 Extra"]
[Source "ChessBase"]
[SourceDate "2010.05.04"]
[SourceVersion "1"]
[SourceVersionDate "2010.05.04"]
[SourceQuality "1"]

1. d4 Nf6 2. c4 g6 3. Nf3 Bg7 4. g3 0-0 5. Bg2 d6 6. 0-0 c6 7. h3 Nbd7 8. Nc3 Re8 9. e4 e6 10. e5 dxe5 11. dxe5 Nh5 12. g4 Ng3 13. fxg3 Nxe5 14. Nxe5 Bxe5 15. Qf3 Qc7 16. Bf4 Bd4+ 17. Be3 e5 18. Ne4 Re7 19. Bxd4 exd4 20. c5 Be6 21. Qf4 Rd8 22. Qxc7 Rxc7 23. b3 Kg7 24. Rad1 Rd5 25. b4 d3 26. Nd6 Rd4 27. Ne8+ Kf8 28. Nxc7 Bc4 29. Rf4 1-0

[Event "IECG CP.2007.P.00070 email"]
[Site "IECG email"]
[Date "2007.10.01"]
[Round "?"]
[White "Sulis, Giovanni"]
[Black "Bernad Millan, Ignacio"]
[Result "1-0"]
[WhiteElo "1890"]
[BlackElo "1960"]
[PlyCount "39"]
[EventDate "2007.10.01"]
[EventType "tourn (corr)"]
[EventRounds "6"]
[SourceTitle "Corr 2011"]
[Source "ChessBase"]
[SourceDate "2010.08.31"]
[SourceVersion "1"]
[SourceVersionDate "2010.08.31"]
[SourceQuality "1"]

1. c4 Nf6 2. Nc3 e6 3. e4 d5 4. e5 d4 5. exf6 dxc3 6. fxg7 Bxg7 7. dxc3 c5 8. Qxd8+ Kxd8 9. Be3 b6 10. 0-0-0+ Kc7 11. Nf3 f6 12. Bd3 Bb7 13. Rhe1 Nd7 14. Nh4 Rae8 15. Bf4+ Kc8 16. Kc2 f5 17. Re3 Rhf8 18. Rde1 Be4 19. Bxe4 fxe4 20. Rxe4 1-0

[Event "IECG WC.2010.P.00015 email"]
[Site "IECG email"]
[Date "2006.06.05"]
[Round "?"]
[White "Bernad Millan, Ignacio"]
[Black "Vilyavin, Roman"]
[Result "1/2-1/2"]
[WhiteElo "1890"]
[BlackElo "2144"]
[PlyCount "44"]
[EventDate "2006.06.05"]
[EventType "tourn (corr)"]
[EventRounds "6"]
[SourceTitle "Corr 2011"]
[Source "ChessBase"]
[SourceDate "2010.08.31"]
[SourceVersion "1"]
[SourceVersionDate "2010.08.31"]
[SourceQuality "1"]

1. d4 d5 2. c4 dxc4 3. e3 Nf6 4. Bxc4 e6 5. Nf3 c5 6. 0-0 a6 7. a4 Nc6 8. Qe2 Qc7 9. Bd2 Bd6 10. Rc1 b6 11. a5 cxd4 12. exd4 0-0 13. axb6 Qxb6 14. Be3 Ng4 15. Nbd2 Nxe3 16. fxe3 Bb7 17. Bd3 Be7 18. Nc4 Qd8 19. Nfe5 Nxe5 20. Nxe5 Bd6 21. Nc4 Bc7 22. b4 f5 1/2-1/2

[Event "CFriend CP-2005-P-00039"]
[Site "Chessfriend.com"]
[Date "2005.10.01"]
[Round "1"]
[White "Bernad Millan, Ignacio"]
[Black "Salguera, Alfredo"]
[Result "1-0"]
[WhiteElo "1873"]
[BlackElo "1700"]
[PlyCount "53"]
[EventDate "2005.??.??"]
[EventType "tourn (corr)"]
[EventRounds "6"]
[SourceTitle "Corr 2008"]
[Source "ChessBase"]
[SourceDate "2008.06.24"]
[SourceVersion "1"]
[SourceVersionDate "2008.06.24"]
[SourceQuality "1"]

1. c4 Nf6 2. Nf3 g6 3. d4 Bg7 4. g3 d6 5. Bg2 0-0 6. 0-0 Nc6 7. Nc3 e5 8. d5 Ne7 9. e4 a6 10. Ne1 Nd7 11. Nd3 f5 12. f3 Nf6 13. Be3 Nh5 14. Qd2 c5 15. f4 exf4 16. Nxf4 Nxf4 17. Bxf4 fxe4 18. Nxe4 Nf5 19. g4 Nd4 20. Bxd6 Re8 21. Bxc5 Rxe4 22. Bxe4 Nc6 23. Rae1 Bxg4 24. d6 Qh4 25. d7 Be5 26. Bd5+ Kh8 27. Rxe5 1-0